Catálogo
 En Linea

IX congreso internacional interdisciplinario de investigación científica : (Registro nro. 47972)

Detalles MARC
000 -CABECERA
campo de control de longitud fija 00718nam a2200169 a 4500
001 - NÚMERO DE CONTROL
campo de control 000048484
005 - FECHA Y HORA DE LA ÚLTIMA TRANSACCIÓN
campo de control 20201002061204.0
008 - DATOS DE LONGITUD FIJA--INFORMACIÓN GENERAL
campo de control de longitud fija 190322s2013 dr a r 000 0 spa d
040 ## - FUENTE DE LA CATALOGACIÓN
Centro catalogador/agencia de origen DO-SdBNP
Lengua de catalogación spa
Centro/agencia transcriptor BNPHU
082 ## - NÚMERO DE LA CLASIFICACIÓN DECIMAL DEWEY
Número de clasificación 001.42
Número de documento/Ítem N939i
111 2# - ENTRADA PRINCIPAL--NOMBRE DE CONGRESO/REUNIÓN
Nombre de congreso/reunión o jurisdicción como elemento de entrada Congreso internacional interdisciplinario de investigaciones científica
Número del congreso/reunión o número de parte o sección (9no. :
Fecha del congreso/reunión 13-14 de junio 2013
Sede del congreso/Lugar de la reunión Santo Domingo)
9 (RLIN) 75904
245 10 - MENCIÓN DE TÍTULO
Título IX congreso internacional interdisciplinario de investigación científica :
Resto del título programa y libro de resúmenes.
246 10 - FORMA VARIANTE DE TÍTULO
Título propio/Titulo breve noveno congreso internacional interdisciplinario de investigaciones científica.
260 ## - PUBLICACIÓN, DISTRIBUCIÓN, ETC.
Lugar de publicación, distribución, etc. Santo Domingo :
Nombre del editor, distribuidor, etc. MESCyT,
Fecha de publicación, distribución, etc. 2013.
300 ## - DESCRIPCIÓN FÍSICA
Extensión 163 p. :
Otras características físicas il. ;
Dimensiones 28 cm.
590 ## - NOTA LOCAL (RLIN)
Nota local _Inventariado, 2019/BT
Existencias
Estado de retiro Estado de pérdida No para préstamo Código de colección Localización permanente Ubicación/localización actual Ubicación en estantería Fecha de adquisición Número de inventario Total de préstamos Signatura topográfica completa Código de barras Fecha visto por última vez Precio válido a partir de Tipo de ítem Koha
    Excluido de préstamo Patrimonio Dominicano Patrimonio Dominicano Patrimonio Dominicano Depósito 22.03.2019 LF1   001.42 N939i 48484-10 25.06.2020 25.06.2020 Libro y Folleto Colección Patrimonio Dominicano

Con tecnología Koha